Costa Rica Indicadores de educación y de contexto
Zapisane w:
| Korporacja: | |
|---|---|
| Format: | Materiały konferencyjne Książka |
| Język: | Spanish |
| Wydane: |
San José, Costa Rica:
INEC
2013
|
| Hasła przedmiotowe: | |
| Etykiety: |
Dodaj etykietę
Nie ma etykietki, Dołącz pierwszą etykiete!
|
MARC
| LEADER | 00000nam a22000007a 4500 | ||
|---|---|---|---|
| 003 | cru IIS | ||
| 005 | 20220809081832.0 | ||
| 008 | 220808b2013 CR ||||| |||| 00| 0 spa d | ||
| 020 | |a 978-9968-683-88-3 | ||
| 040 | |c cru CRAI/IIS | ||
| 090 | |a 06.01.01 I59c | ||
| 111 | 1 | |9 10671 |a Mora Prado, Olga | |
| 245 | 1 | |a Costa Rica |b Indicadores de educación y de contexto |c Olga Mora Prado, Sofía Mora Steiner, Elizabeth Solano Salazar, revisoras | |
| 260 | |a San José, Costa Rica: |b INEC |c 2013 | ||
| 300 | |a 75 páginas | ||
| 505 | |a El documento presenta los indicadores de educación y contexto para el censo del 2011, elaborado por el INEC; tomando en consideración características geográficas, demográficas, sociales, económicas y de vivienda, que dimensionan el contexto de cada región. | ||
| 650 | 0 | 0 | |0 TESAUROS |2 OCDE |9 7496 |a INDICADORES EDUCATIVOS |
| 650 | 0 | 0 | |2 OCDE |9 5320 |a INDICADORES DEMOGRÁFICOS |
| 650 | 0 | 0 | |2 OCDE |9 3384 |a INDICADORES ECONOMICOS |
| 650 | 0 | 0 | |9 2105 |a INDICADORES SOCIALES |
| 942 | |2 z |c LI | ||
| 999 | |c 44478 |d 44478 | ||



